[Event "XIII Konik Morski Rewala - Open A"]
[Site "Rewal"]
[Date "2008.08.20"]
[Round "1"]
[White "Verdaguer Muntanya, Marc"]
[Black "Cyborowski, Lukasz"]
[Result "0-1"]
[WhiteElo "2142"]
[BlackElo "2546"]
[PlyCount "0"]
[EventDate "2008.08.20"]

1. d4 d6 2. Nf3 Bg4 3. Bf4 Nd7 4. Nbd2 Ngf6 5. h3 Bh5 6. c3 e6 7. Qb3 Rb8 8. e3
Be7 9. Be2 O-O 10. g4 Bg6 11. Nh4 Be4 12. Nxe4 Nxe4 13. Nf3 d5 14. Bd3 Bd6 15.
Bxd6 Nxd6 16. Qc2 g6 17. h4 c5 18. Qe2 b5 19. Ne5 Nxe5 20. dxe5 Nc4 21. f4 d4
22. exd4 cxd4 23. g5 dxc3 24. bxc3 Qa5 25. Rc1 Qa3 26. Rc2 Qc5 27. h5 Rb7 28.
Bxc4 bxc4 29. Qf2 Rb1+ 0-1

[Event "XIII Konik Morski Rewala - Open A"]
[Site "Rewal"]
[Date "2008.08.20"]
[Round "1"]
[White "Ni, Viktorija"]
[Black "Orzech, Dominik"]
[Result "1/2-1/2"]
[WhiteElo "2129"]
[BlackElo "2472"]
[PlyCount "0"]
[EventDate "2008.08.20"]

1. d4 d5 2. c4 c6 3. e3 Nf6 4. Qc2 g6 5. Nf3 Bg7 6. Nc3 O-O 7. Bd3 c5 8. cxd5
cxd4 9. Nxd4 Nxd5 10. Nxd5 Qxd5 11. Be4 Qd8 12. O-O Nd7 13. Rd1 Qb6 14. Bd2 Nf6
15. Bf3 Bd7 16. Bc3 Rac8 17. Qb3 Rc7 18. Qa3 Rc4 19. Ba5 Qd6 20. Qxd6 exd6 21.
b3 Rcc8 22. Bxb7 Rb8 23. Bf3 Rfc8 24. Rac1 d5 25. Bc7 Ra8 26. Ba5 Ne4 27. Ne2
Rxc1 28. Rxc1 Rc8 29. Rxc8+ Bxc8 30. Bxe4 dxe4 31. Bc3 Ba6 32. Bxg7 Bxe2 33.
Bc3 1/2-1/2

[Event "XIII Konik Morski Rewala - Open A"]
[Site "Rewal"]
[Date "2008.08.20"]
[Round "1"]
[White "Brodowski, Piotr"]
[Black "Czachor, Radoslaw"]
[Result "1-0"]
[WhiteElo "2424"]
[BlackElo "2127"]
[PlyCount "0"]
[EventDate "2008.08.20"]

1. c4 e5 2. g3 Nc6 3. Bg2 g6 4. Nc3 Bg7 5. Nf3 Nge7 6. e4 d6 7. O-O O-O 8. d3
h6 9. Nd5 Kh7 10. Be3 f5 11. Qd2 Nd4 12. Bxd4 exd4 13. Rfe1 Re8 14. exf5 Bxf5
15. Nh4 Nxd5 16. Bxd5 c6 17. Nxf5 gxf5 18. Bf7 Re5 19. f4 Re3 20. Rxe3 dxe3 21.
Qxe3 Qf6 22. Qe6 Qxe6 23. Bxe6 Rf8 24. Kg2 Kg6 25. Re1 h5 26. Bd7 Rd8 27. Be8+
Kf6 28. Bxh5 d5 29. Rd1 a5 30. Bf3 d4 31. Re1 Bh6 32. Bh5 b5 33. Rc1 b4 34. Re1
Rb8 35. Re8 Rxe8 36. Bxe8 c5 37. Bd7 Bf8 38. Kf3 Bh6 39. Ke2 Bf8 1-0

[Event "XIII Konik Morski Rewala - Open A"]
[Site "Rewal"]
[Date "2008.08.20"]
[Round "1"]
[White "Witek, Tomasz"]
[Black "Chojnacki, Krzysztof"]
[Result "1/2-1/2"]
[WhiteElo "2125"]
[BlackElo "2416"]
[PlyCount "0"]
[EventDate "2008.08.20"]

1. d4 Nf6 2. c4 g6 3. Nc3 Bg7 4. e4 d6 5. Bd3 O-O 6. Nge2 e5 7. d5 Nbd7 8. O-O
a5 9. f3 Nc5 10. Bc2 c6 11. Be3 cxd5 12. cxd5 Bd7 13. Nc1 b5 14. Nd3 Nxd3 15.
Bxd3 b4 16. Nb5 Qb8 17. a4 bxa3 18. bxa3 Nh5 19. Re1 Nf4 20. Bf1 f5 21. Rb1
fxe4 22. fxe4 Bxb5 23. Rxb5 Nh3+ 1/2-1/2

[Event "XIII Konik Morski Rewala - Open A"]
[Site "Rewal"]
[Date "2008.08.20"]
[Round "1"]
[White "Czerwonski, Aleksander"]
[Black "Nicolo, Filippo"]
[Result "1-0"]
[WhiteElo "2414"]
[BlackElo "2125"]
[PlyCount "0"]
[EventDate "2008.08.20"]

1. d4 f5 2. c4 Nf6 3. g3 g6 4. Bg2 Bg7 5. Nc3 d6 6. Nf3 O-O 7. O-O Nc6 8. d5
Ne5 9. Nxe5 dxe5 10. c5 Kh8 11. Qb3 h6 12. c6 b6 13. a4 a5 14. Qa3 g5 15. b4 f4
16. Bd2 Bf5 17. bxa5 Rxa5 18. Nb5 Ra8 19. Bb4 Re8 20. Qb3 Ne4 21. a5 bxa5 22.
Rxa5 Rb8 23. g4 Bg6 24. Qd3 Nd6 25. Qxg6 Nxb5 26. Be4 Kg8 27. Rxb5 Rxb5 28. Bf5
Qxd5 1-0

[Event "XIII Konik Morski Rewala - Open A"]
[Site "Rewal"]
[Date "2008.08.20"]
[Round "1"]
[White "Grochowalski, Pawel"]
[Black "Nester, Ihor"]
[Result "0-1"]
[WhiteElo "2121"]
[BlackElo "2385"]
[PlyCount "78"]
[EventDate "2008.08.20"]

1. d4 d5 2. Nf3 Nf6 3. c4 dxc4 4. e3 e6 5. Bxc4 a6 6. O-O Nbd7 7. Qe2 b5 8. Bb3
c5 9. Rd1 Bb7 10. a4 b4 11. a5 Be7 12. Nbd2 O-O 13. Bc4 Qc7 14. b3 cxd4 15.
exd4 Nd5 16. Bb2 N7f6 17. Rdc1 Qd6 18. Bxd5 Nxd5 19. Nc4 Qf4 20. Ne3 Bd6 21.
Nc4 Qg4 22. h3 Nf4 23. hxg4 Nxe2+ 24. Kf1 Nxc1 25. Nxd6 Bxf3 26. Bxc1 Bd5 27.
Bd2 Rab8 28. Ra4 Bxb3 29. Rxb4 Rxb4 30. Bxb4 Bd5 31. f3 Rb8 32. Bc5 Rb2 33. Nc8
f6 34. Ne7+ Kf7 35. Nxd5 exd5 36. Kg1 Ra2 37. Bb6 Ke6 38. Kh2 Kd7 39. Kg3 Kc6
0-1

[Event "XIII Konik Morski Rewala - Open A"]
[Site "Rewal"]
[Date "2008.08.20"]
[Round "1"]
[White "Rutkowski, Maciej"]
[Black "Hermanowicz, Dominika"]
[Result "1-0"]
[WhiteElo "2380"]
[BlackElo "2118"]
[PlyCount "57"]
[EventDate "2008.08.20"]

1. g3 Nf6 2. Bg2 g6 3. e4 d6 4. Ne2 Bg7 5. O-O O-O 6. d4 e5 7. c3 Re8 8. Nd2 c6
9. a4 Qc7 10. h3 Nbd7 11. f4 b6 12. Kh2 Ba6 13. Re1 Bd3 14. Ng1 exf4 15. gxf4
Nh5 16. Nf1 Ba6 17. Bf3 Ndf6 18. e5 dxe5 19. fxe5 Rad8 20. Kg2 Nd5 21. Bxh5
gxh5 22. Qxh5 c5 23. Ng3 cxd4 24. cxd4 Qxc1 25. Raxc1 Nf4+ 26. Kf2 Nxh5 27.
Nxh5 Rxd4 28. Nf3 Rxa4 29. Rg1 1-0

[Event "XIII Konik Morski Rewala - Open A"]
[Site "Rewal"]
[Date "2008.08.20"]
[Round "1"]
[White "Siwiec, Arkadiusz"]
[Black "Przybylski, Wojciech"]
[Result "0-1"]
[WhiteElo "2096"]
[BlackElo "2363"]
[PlyCount "34"]
[EventDate "2008.08.20"]

1. e4 c5 2. Nf3 d6 3. d4 cxd4 4. Nxd4 Nf6 5. Nc3 a6 6. Bg5 e6 7. f4 Nbd7 8. Qf3
Qc7 9. O-O-O b5 10. Bxb5 axb5 11. Ndxb5 Qb8 12. Bxf6 gxf6 13. Qh5 Be7 14. f5
Ne5 15. Qh6 Bd7 16. Nd4 Nc4 17. b3 Qb4 0-1

[Event "XIII Konik Morski Rewala - Open A"]
[Site "Rewal"]
[Date "2008.08.20"]
[Round "1"]
[White "Sievers, Stefan"]
[Black "Malczyk, Radoslaw"]
[Result "1-0"]
[WhiteElo "2363"]
[BlackElo "2094"]
[PlyCount "69"]
[EventDate "2008.08.20"]

1. Nf3 Nf6 2. c4 g6 3. g3 Bg7 4. Bg2 d6 5. O-O O-O 6. Nc3 Nc6 7. Rb1 Bf5 8. d3
Qd7 9. Re1 e5 10. Ng5 Rab8 11. b4 a6 12. a4 h6 13. Nge4 Nh7 14. Nd5 Bxe4 15.
Bxe4 f5 16. Bg2 Nd4 17. b5 a5 18. b6 c6 19. Nc7 Ne6 20. Nxe6 Qxe6 21. Bd2 Ra8
22. Rb5 Ra6 23. Rxa5 Rxb6 24. Be3 Rb2 25. Qc1 e4 26. dxe4 fxe4 27. Bxh6 Qf6 28.
Be3 Qc3 29. Ra7 Rc2 30. Qd1 Qxc4 31. Qxd6 Rb2 32. Qxg6 Qc3 33. Rc1 Qb3 34. Bxe4
Nf6 35. Bxc6 1-0

[Event "XIII Konik Morski Rewala - Open A"]
[Site "Rewal"]
[Date "2008.08.20"]
[Round "1"]
[White "Budrewicz, Krzysztof"]
[Black "Kucypera, Malgorzata"]
[Result "1-0"]
[WhiteElo "2333"]
[BlackElo "2081"]
[PlyCount "91"]
[EventDate "2008.08.20"]

1. d4 Nf6 2. c4 c5 3. d5 b5 4. Nf3 g6 5. Qc2 Bg7 6. e4 d6 7. cxb5 a6 8. Nc3 O-O
9. a4 axb5 10. Bxb5 Na6 11. h3 Nb4 12. Qe2 e6 13. dxe6 fxe6 14. e5 dxe5 15. O-O
Bb7 16. Nxe5 Nfd5 17. Ng4 Kh8 18. Bh6 Bxh6 19. Nxh6 Qg5 20. Nxd5 Nxd5 21. Ng4
Nf4 22. Qe5+ Qxe5 23. Nxe5 Bxg2 24. Rfe1 Bxh3 25. Bc6 Ra7 26. a5 Rf5 27. a6
Rg5+ 28. Kh2 Rh5 29. Kg3 g5 30. Bb7 Bf5 31. Rh1 Ne2+ 32. Kf3 Nd4+ 33. Ke3 Nc2+
34. Kd2 Rxh1 35. Rxh1 Nb4 36. Ra1 Bc2 37. Kc3 Kg7 38. Kc4 Kf6 39. Nd7+ Ke7 40.
Nxc5 Nd5 41. Bxd5 exd5+ 42. Kxd5 Kd8 43. Kc6 Kc8 44. b4 Bg6 45. b5 Be8+ 46. Kb6
1-0

[Event "XIII Konik Morski Rewala - Open A"]
[Site "Rewal"]
[Date "2008.08.20"]
[Round "1"]
[White "Cagara, Paulina"]
[Black "Nguyen, Piotr"]
[Result "0-1"]
[WhiteElo "2078"]
[BlackElo "2329"]
[PlyCount "84"]
[EventDate "2008.08.20"]

1. e4 g6 2. d4 Bg7 3. c3 d6 4. f4 Nf6 5. Bd3 O-O 6. Nf3 c5 7. O-O cxd4 8. cxd4
Qb6 9. Nc3 Nc6 10. Na4 Qa5 11. Bd2 Qh5 12. d5 Nd8 13. Nc3 e6 14. dxe6 Nxe6 15.
Ng5 Ng4 16. Nh3 Qc5+ 17. Kh1 Ne3 18. Bxe3 Qxe3 19. Nd5 Qd4 20. Nc3 Nc5 21. Nf2
Nxd3 22. Qxd3 Qxd3 23. Nxd3 Be6 24. f5 Bc4 25. Rf3 Bxc3 26. bxc3 Rfe8 27. Nf2
d5 28. fxg6 hxg6 29. Re3 dxe4 30. Rxe4 Bd5 31. Rd4 Bc6 32. Nd3 Re2 33. Nf4 Rc2
34. c4 Re8 35. Nd5 Ree2 36. Rg4 Rxa2 37. Rf1 Bxd5 38. cxd5 Rad2 39. Rg5 Kg7 40.
Rb1 b6 41. Ra1 Re7 42. h4 f6 0-1

[Event "XIII Konik Morski Rewala - Open A"]
[Site "Rewal"]
[Date "2008.08.20"]
[Round "1"]
[White "Korosciel, Aneta"]
[Black "Bronowicki, Mateusz"]
[Result "1/2-1/2"]
[WhiteElo "2067"]
[BlackElo "2326"]
[PlyCount "42"]
[EventDate "2008.08.20"]

1. e4 g6 2. d4 Bg7 3. Nc3 c6 4. Be3 d5 5. Nf3 dxe4 6. Nxe4 Nd7 7. Bc4 Ngf6 8.
Nxf6+ Nxf6 9. O-O Nd5 10. Bg5 Be6 11. Re1 Nc7 12. Bxe6 Nxe6 13. Bh4 Qb6 14. Re3
O-O 15. Bxe7 Rfe8 16. Rb3 Qa5 17. Bb4 Qd5 18. Rd3 Nf4 19. Re3 Qc4 20. c3 Rxe3
21. fxe3 Nd5 1/2-1/2

[Event "XIII Konik Morski Rewala - Open A"]
[Site "Rewal"]
[Date "2008.08.20"]
[Round "1"]
[White "Zadlo, Tomasz"]
[Black "Meyer, Falko"]
[Result "1/2-1/2"]
[WhiteElo "2041"]
[BlackElo "2305"]
[PlyCount "68"]
[EventDate "2008.08.20"]

1. e4 c6 2. d4 d5 3. exd5 cxd5 4. c4 Nf6 5. Nc3 Nc6 6. cxd5 Nxd5 7. Nf3 Bg4 8.
Qb3 Bxf3 9. gxf3 e6 10. Qxb7 Nxd4 11. Bb5+ Nxb5 12. Qc6+ Ke7 13. Qxb5 Qd7 14.
Nxd5+ Qxd5 15. Bg5+ f6 16. Qxd5 exd5 17. Be3 Ke6 18. a3 Bd6 19. O-O-O g5 20. h4
h6 21. hxg5 Rhc8+ 22. Kb1 hxg5 23. Rhe1 Be5 24. Re2 Rg8 25. f4 gxf4 26. Bxf4
Rg2 27. Rde1 Kd6 28. Bxe5+ fxe5 29. Rxe5 Rxf2 30. Re6+ Kc5 31. Rc1+ Kd4 32.
Rd1+ Kc5 33. Rc1+ Kd4 34. Rd1+ Kc5 1/2-1/2

[Event "XIII Konik Morski Rewala - Open A"]
[Site "Rewal"]
[Date "2008.08.20"]
[Round "1"]
[White "Michna, Christian"]
[Black "Demidowicz, Maria"]
[Result "1-0"]
[WhiteElo "2304"]
[BlackElo "2032"]
[PlyCount "69"]
[EventDate "2008.08.20"]

1. e4 c5 2. c3 d5 3. exd5 Qxd5 4. d4 Nf6 5. Nf3 e6 6. Be3 cxd4 7. cxd4 Nc6 8.
Nc3 Qd8 9. a3 Be7 10. Bd3 O-O 11. O-O a6 12. Qe2 b5 13. b4 Bb7 14. Rac1 Rc8 15.
Rfd1 Nb8 16. Ne5 Nbd7 17. Bb1 Nb6 18. Bg5 Nbd5 19. Ne4 Nxe4 20. Qxe4 f5 21.
Rxc8 Qxc8 22. Qh4 Bxg5 23. Qxg5 Nc3 24. Re1 Qd8 25. Qd2 Qd5 26. f3 Rc8 27. Qe3
Nxb1 28. Rxb1 Rc2 29. Rb3 h6 30. Rc3 Qa2 31. Rxc2 Qxc2 32. h4 Bd5 33. h5 Bc4
34. Ng6 Qd3 35. Qf4 1-0

[Event "XIII Konik Morski Rewala - Open A"]
[Site "Rewal"]
[Date "2008.08.20"]
[Round "1"]
[White "Czachor, Grzegorz"]
[Black "Swicarz, Maciej"]
[Result "1/2-1/2"]
[WhiteElo "2020"]
[BlackElo "2284"]
[PlyCount "115"]
[EventDate "2008.08.20"]

1. e4 c6 2. d4 d5 3. Nc3 a6 4. f3 Nf6 5. e5 Nfd7 6. f4 e6 7. Nf3 c5 8. Be3 Nc6
9. Qd2 cxd4 10. Nxd4 Bb4 11. Bd3 g5 12. g3 gxf4 13. gxf4 Qh4+ 14. Qf2 Qe7 15.
Rg1 Nc5 16. a3 Bxc3+ 17. bxc3 Na5 18. Nf3 Na4 19. Ng5 Qc7 20. Nxh7 Qxc3+ 21.
Ke2 Nc4 22. Qh4 Rxh7 23. Qxh7 d4 24. Rg8+ Kd7 25. Qxf7+ Kc6 26. Rxc8+ Rxc8 27.
Qxe6+ Kc7 28. Qxc4+ Qxc4 29. Bxc4 dxe3 30. Rg1 Rh8 31. Rg2 Rh3 32. Be6 Nc3+ 33.
Kd3 e2+ 34. Kd2 Re3 35. Ke1 Re4 36. Rf2 Nb5 37. Bg4 Nd4 38. Bxe2 Nxe2 39. Rxe2
Rxf4 40. Re3 Kd7 41. e6+ Ke7 42. h3 Rd4 43. Ke2 b5 44. Rd3 Rc4 45. Kd2 Kxe6 46.
Kc1 Rh4 47. Rg3 Kd5 48. Kb2 Kc5 49. Kc3 Rh8 50. Kb3 Rh7 51. a4 Rh4 52. axb5
axb5 53. Kb2 Rh8 54. Kc1 Rh6 55. Kd2 Rh4 56. Ke2 Kd4 57. Rd3+ Kc4 58. Kd2
1/2-1/2

[Event "XIII Konik Morski Rewala - Open A"]
[Site "Rewal"]
[Date "2008.08.20"]
[Round "1"]
[White "Spicak, Krzysztof"]
[Black "Smirnov, Aleksander"]
[Result "0-1"]
[WhiteElo "2011"]
[BlackElo "2262"]
[PlyCount "98"]
[EventDate "2008.08.20"]

1. e4 c5 2. Nc3 a6 3. a4 Nc6 4. f4 e6 5. Nf3 Nge7 6. d3 d5 7. Bd2 b6 8. e5 Bb7
9. g3 Nf5 10. Bh3 h5 11. O-O Be7 12. Rc1 Qd7 13. Qe1 g6 14. b3 Ncd4 15. Nxd4
Nxd4 16. Ne2 Nf5 17. Qf2 Rc8 18. Bxf5 gxf5 19. d4 h4 20. Qe3 Rg8 21. Kh1 cxd4
22. Qd3 Qc7 23. Nxd4 hxg3 24. hxg3 a5 25. c3 Kf8 26. Kg2 Rg6 27. Rh1 Kg7 28.
Rh3 Rg8 29. Kf2 Qc8 30. Be3 Ba6 31. Nb5 Qc6 32. b4 Rc8 33. Rch1 axb4 34. Rh7+
Kf8 35. Qe2 d4 36. Rh8+ Rg8 37. Rxg8+ Kxg8 38. Qh5 dxe3+ 39. Ke1 Qxh1+ 40. Qxh1
bxc3 41. Nd4 c2 42. Nxc2 Rxc2 43. Qa8+ Bc8 44. Kd1 e2+ 45. Kxc2 e1=Q 46. Qxc8+
Kg7 47. Qd7 Qf2+ 48. Kd1 Bc5 49. Kc1 Qxg3 0-1

[Event "XIII Konik Morski Rewala - Open A"]
[Site "Rewal"]
[Date "2008.08.20"]
[Round "1"]
[White "Dragun, Kamil"]
[Black "Krajewicz, Pawel"]
[Result "1-0"]
[WhiteElo "2240"]
[BlackElo "1993"]
[PlyCount "53"]
[EventDate "2008.08.20"]

1. e4 c5 2. Nf3 Nc6 3. d4 cxd4 4. Nxd4 Nf6 5. Nc3 e6 6. Be2 Bb4 7. O-O Bxc3 8.
bxc3 Nxe4 9. Bf3 Ng5 10. Bxc6 bxc6 11. Qg4 f6 12. h4 Nf7 13. Qxg7 Qe7 14. Re1
Rf8 15. Nf5 Qc5 16. Qxf6 Rg8 17. Ng7+ Rxg7 18. Qxg7 Ba6 19. Bg5 Nxg5 20. Qg8+
Ke7 21. Qxg5+ Qxg5 22. hxg5 Rf8 23. Re5 Bc4 24. a4 d6 25. Re4 Bd5 26. Rh4 Rf7
27. c4 1-0

[Event "XIII Konik Morski Rewala - Open A"]
[Site "Rewal"]
[Date "2008.08.20"]
[Round "1"]
[White "Sochacki, Wojtek"]
[Black "Knap, Jerzy"]
[Result "1-0"]
[WhiteElo "2239"]
[BlackElo "1974"]
[PlyCount "43"]
[EventDate "2008.08.20"]

1. e4 c6 2. d4 d5 3. e5 Bf5 4. Nf3 e6 5. a3 c5 6. c4 Nc6 7. Be3 cxd4 8. Nxd4
Nxd4 9. Bxd4 Ne7 10. cxd5 Qxd5 11. Nc3 Qa5 12. b4 Qd8 13. Qa4+ Nc6 14. Rd1 Qg5
15. Nb5 O-O-O 16. Nxa7+ Nxa7 17. Qxa7 Be7 18. Qa8+ Kc7 19. Bb6+ Kc6 20. Qa4+
Kxb6 21. Qa5+ Kc6 22. Bb5# 1-0

[Event "XIII Konik Morski Rewala - Open A"]
[Site "Rewal"]
[Date "2008.08.20"]
[Round "1"]
[White "Kues, Hendrik"]
[Black "Nasuta, Grzegorz"]
[Result "1/2-1/2"]
[WhiteElo "2235"]
[BlackElo "1959"]
[PlyCount "72"]
[EventDate "2008.08.20"]

1. c4 e5 2. g3 c6 3. d4 Bb4+ 4. Bd2 Bxd2+ 5. Qxd2 exd4 6. Qxd4 Nf6 7. Nc3 O-O
8. Bg2 Na6 9. e3 Qa5 10. Qd2 Nc5 11. Rd1 Qb4 12. b3 a5 13. Nf3 a4 14. Ne4 Nd3+
15. Kf1 Nxe4 16. Qxd3 Nc5 17. Qd2 Qxd2 18. Nxd2 axb3 19. axb3 Ra2 20. b4 Nd3
21. b5 Rb2 22. Be4 Ne5 23. Kg2 f5 24. Bf3 Nxf3 25. Nxf3 cxb5 26. cxb5 b6 27.
Rd6 Bb7 28. Rxd7 Be4 29. Rc1 Kh8 30. Rcc7 Rg8 31. h3 h5 32. Rd6 Rxb5 33. Rg6
Kh7 34. Re6 Rc5 35. Rce7 b5 36. Rb6 Rd8 {zapis nieczytelny} 1/2-1/2

[Event "XIII Konik Morski Rewala - Open A"]
[Site "Rewal"]
[Date "2008.08.20"]
[Round "1"]
[White "Puczylowski, Marcin"]
[Black "Matuszewski, Michal"]
[Result "0-1"]
[WhiteElo "1958"]
[BlackElo "2233"]
[PlyCount "70"]
[EventDate "2008.08.20"]

1. e4 Nf6 2. Bc4 Nxe4 3. Bxf7+ Kxf7 4. Qh5+ Kg8 5. Qd5+ e6 6. Qxe4 d5 7. Qe2
Qg5 8. g3 c5 9. f4 Qf5 10. d3 Nc6 11. Nf3 Bd7 12. Nc3 Bd6 13. Be3 d4 14. Ne4
dxe3 15. Nxd6 Qd5 16. Ne4 Nd4 17. c4 Qf5 18. g4 Qxg4 19. Nxd4 Qh4+ 20. Kd1 cxd4
21. Rg1 Be8 22. Kc2 Bg6 23. Ng5 Rc8 24. b3 b5 25. f5 Bxf5 26. Raf1 bxc4 27.
bxc4 h6 28. Rxf5 exf5 29. Ne6 Rh7 30. Qg2 Kh8 31. Qb7 Qf2+ 32. Kb3 Rg8 33. Rg2
Qf1 34. Qf7 Rb8+ 35. Ka4 Qxg2 0-1

[Event "XIII Konik Morski Rewala - Open A"]
[Site "Rewal"]
[Date "2008.08.20"]
[Round "1"]
[White "Szymanowska, Lena"]
[Black "Sochacki, Christophe"]
[Result "0-1"]
[WhiteElo "1932"]
[BlackElo "2221"]
[PlyCount "84"]
[EventDate "2008.08.20"]

1. e4 c5 2. Nf3 e6 3. d3 a6 4. g3 b5 5. Bg2 Bb7 6. Nbd2 d6 7. Qe2 Nf6 8. O-O
Be7 9. Re1 Qb6 10. Nf1 Nc6 11. c3 O-O 12. h4 d5 13. e5 Nd7 14. N1h2 Rae8 15.
Bh3 d4 16. Bf4 Rd8 17. Ng4 c4 18. cxd4 cxd3 19. Qxd3 Nb4 20. Qe2 Qc6 21. Bg2
Nb6 22. Rac1 Qd5 23. a3 Nc6 24. Ne3 Qd7 25. Ng5 Nxd4 26. Qh5 Bxg5 27. Bxg5 Bxg2
28. Nxg2 Qd5 29. Re3 Nc4 30. Nf4 Qb7 31. Rec3 g6 32. Qg4 Nxe5 33. Qh3 Ndf3+ 34.
Kf1 Nd2+ 35. Ke2 b4 36. axb4 Qb5+ 37. Ke3 Qxb4 38. Bxd8 Qe4+ 39. Kxd2 Rxd8+ 40.
Nd3 Rxd3+ 41. Kc2 Rxg3+ 42. Kd2 Nc4+ 0-1

[Event "XIII Konik Morski Rewala - Open A"]
[Site "Rewal"]
[Date "2008.08.21"]
[Round "2"]
[White "Michna, Christian"]
[Black "Zhigalko, Andrey"]
[Result "0-1"]
[WhiteTitle "FM"]
[BlackTitle "GM"]
[WhiteElo "2304"]
[BlackElo "2551"]

1. e4 c6 2. c4 d5 3. cxd5 cxd5 4. exd5 Nf6 5. Nc3 Nxd5 6. Nf3 Nxc3 7. bxc3 g6
8. Qa4+ Nc6 9. Ne5 Bd7 10. Nxd7 Qxd7 11. Be2 Bg7 12. O-O O-O 13. d4 Rfd8 14.
Kh1 Qc7 15. Rb1 Rac8 16. Bg4 e6 17. Bg5 Rd5 18. Be3 a6 19. Bf3 Ra5 20. Qb3 Rb5
21. Qa4 Ra5 22. Qb3 b5 23. d5 exd5 24. Bxd5 Ne5 25. Bd4 Nc4 26. Rbd1 Bxd4 27.
cxd4 Qd7 28. Bf3 Ra3 29. Qb1 Rc3 30. Rfe1 a5 31. Qe4 b4 32. h4 a4 33. h5 b3 34.
axb3 axb3 35. h6 Qd8 36. Kg1 b2 37. d5 Qf8 38. Qd4 Nd6 39. Qb4 Rc2 40. Rb1 Nc4
41. d6 Qxd6 42. Qa4 Nd2 43. Bd5 Qf8 44. Rxb2 Rxb2 45. Qd7 Rbb8 46. Re7 Rb1+ 47.
Kh2 Qxh6+ 48. Kg3 Qg5+ 0-1

[Event "XIII Konik Morski Rewala - Open A"]
[Site "Rewal"]
[Date "2008.08.21"]
[Round "2"]
[White "Cyborowski, Lukasz"]
[Black "Butkiewicz, Lukasz"]
[Result "1-0"]
[WhiteTitle "GM"]
[BlackTitle "k"]
[WhiteElo "2546"]
[BlackElo "2284"]

1. d4 Nf6 2. c4 g6 3. Nc3 Bg7 4. e4 d6 5. Bg5 O-O 6. Qd2 c5 7. d5 e6 8. Bd3
exd5 9. exd5 Nbd7 10. b3 Qa5 11. Nge2 Ne5 12. Bc2 Bg4 13. O-O Bxe2 14. Nxe2
Qxd2 15. Bxd2 Rfe8 16. Nc3 a6 17. h3 Ned7 18. a4 Re7 19. a5 Rae8 20. Rae1 Rxe1
21. Rxe1 Rxe1+ 22. Bxe1 Kf8 23. Bd2 Ke7 24. f4 Nh5 25. Ne2 Bb2 26. Kf2 Ng7 27.
g4 Ba3 28. Nc1 f5 29. Nd3 Nf6 30. Kf3 h5 31. g5 Ne4 32. Be1 Kd7 33. Ke3 Kc7 34.
Bd1 b5 35. Bf3 Kb7 36. Bxe4 fxe4 37. Kxe4 Nf5 38. Bf2 Kc7 39. Kf3 Kb7 40. Ke2
Kc7 41. Kd2 Kb7 42. Kc2 Kb8 43. Kb1 Kb7 44. Ka2 b4 45. Kb1 Kb8 46. Ne1 Kc7 47.
Nc2 Kd7 48. Nxa3 bxa3 49. Ka2 Kc7 50. Kxa3 Kd7 51. b4 cxb4+ 52. Kxb4 Kc7 53.
Kc3 Kd7 54. Kd3 Kc8 55. Ke4 Kc7 56. c5 Kd7 57. cxd6 Kxd6 58. Be1 1-0

[Event "XIII Konik Morski Rewala - Open A"]
[Site "Rewal"]
[Date "2008.08.21"]
[Round "2"]
[White "Smirnov, Aleksander"]
[Black "Koziak, Vitali"]
[Result "0-1"]
[WhiteTitle ""]
[BlackTitle "IM"]
[WhiteElo "2262"]
[BlackElo "2489"]

1. e4 c5 2. Nf3 Nc6 3. Na3 e5 4. Bb5 Nf6 5. O-O Be7 6. d3 d6 7. Bxc6+ bxc6 8.
Nc4 O-O 9. Bd2 Ne8 10. Ba5 Qd7 11. Nfd2 f5 12. Rb1 f4 13. f3 h5 14. b4 cxb4 15.
Bxb4 Nc7 16. Nb3 Ba6 17. Qd2 Rf6 18. Rf2 g5 19. Ba3 g4 20. Nba5 Ne6 21. c3 c5
22. Bb2 Rc8 23. Rc1 Rg6 24. Kh1 Bf6 25. Na3 Kh7 26. Nb3 Qg7 27. Qd1 g3 28. Rd2
gxh2 29. Nc4 Rg8 30. Rcc2 Be7 31. Qf1 h4 32. Kxh2 h3 33. Kg1 Rg3 34. Rf2 Ng5
35. Nc1 hxg2 36. Rxg2 Nh3+ 37. Kh1 Qh6 38. Rxg3 fxg3 0-1

[Event "XIII Konik Morski Rewala - Open A"]
[Site "Rewal"]
[Date "2008.08.21"]
[Round "2"]
[White "Janczarski, Michal"]
[Black "Brodowski, Piotr"]
[Result "1/2-1/2"]
[WhiteTitle "I++"]
[BlackTitle "m"]
[WhiteElo "2238"]
[BlackElo "2424"]

1. c4 Nf6 2. Nc3 c5 3. g3 Nc6 4. Bg2 g6 5. e3 Bg7 6. Nge2 O-O 7. O-O d6 8. a3
Be6 9. Nd5 Qc8 10. Qa4 Re8 11. d4 cxd4 12. exd4 Bg4 13. f3 Bf5 14. Nxf6+ exf6
15. Qd1 Na5 16. b3 Nxb3 17. Qxb3 Rxe2 18. Bf4 Qd7 19. Rfe1 Bc2 20. Qb2 Rxe1+
21. Rxe1 Ba4 22. Qb4 Bf8 23. d5 Rc8 24. Bf1 b6 25. Qb2 Bg7 26. Qb4 Bf8 27. Kf2
f5 28. Bd3 h6 29. h4 h5 30. Kg2 Rb8 31. Qb2 Bg7 32. Qb4 Bf8 1/2-1/2

[Event "XIII Konik Morski Rewala - Open A"]
[Site "Rewal"]
[Date "2008.08.21"]
[Round "2"]
[White "Nester, Ihor"]
[Black "Dragun, Kamil"]
[Result "1-0"]
[WhiteTitle "IM"]
[BlackTitle "k"]
[WhiteElo "2385"]
[BlackElo "2240"]

1. Nf3 Nf6 2. c4 g6 3. d4 Bg7 4. g3 O-O 5. Bg2 c5 6. O-O cxd4 7. Nxd4 Nc6 8.
Nc3 Nxd4 9. Qxd4 d6 10. Qd3 Bf5 11. e4 Be6 12. Bd2 Nd7 13. b3 a5 14. Rac1 Ne5
15. Qe2 Qd7 16. Rfd1 Rfc8 17. Nd5 Bxd5 18. exd5 h5 19. h3 Qd8 20. Bg5 f6 21.
Be3 Nd7 22. g4 hxg4 23. hxg4 Qf8 24. Bd4 Qf7 25. Re1 Re8 26. Rc3 Bh6 27. Rh3
Kg7 28. Be3 Bxe3 29. Qxe3 g5 30. Qe4 Nf8 31. Qd3 Ng6 32. Be4 Rh8 33. Bxg6 Rxh3
34. Qxh3 Kxg6 35. Qd3+ Kg7 36. Qe3 Re8 37. Qb6 f5 38. Re6 f4 39. Qxa5 Kf8 40.
Qc3 Qg7 41. Qd3 Ra8 42. a4 Ke8 43. Rg6 Qa1+ 44. Qf1 Qh8 45. Qe1 f3 46. Rxg5 Kd8
47. Qe6 Qa1+ 48. Kh2 Qh8+ 49. Kg3 Kc7 50. Qxe7+ Kb6 51. Qxd6+ Ka7 52. Qc5+ 1-0

[Event "XIII Konik Morski Rewala - Open A"]
[Site "Rewal"]
[Date "2008.08.21"]
[Round "2"]
[White "Sochacki, Christophe"]
[Black "Rutkowski, Maciej"]
[Result "1/2-1/2"]
[WhiteTitle ""]
[BlackTitle "IM"]
[WhiteElo "2221"]
[BlackElo "2380"]

1. e4 g6 2. d4 Bg7 3. Nf3 d6 4. h3 Nf6 5. Nc3 c6 6. Be3 O-O 7. Qd2 Nbd7 8. a4
Qa5 9. Be2 e5 10. O-O Re8 11. dxe5 dxe5 12. Bc4 Nc5 13. Nd5 Qxd2 14. Nxf6+ Bxf6
15. Nxd2 Be7 16. Rfd1 Kg7 17. a5 Rd8 1/2-1/2

[Event "XIII Konik Morski Rewala - Open A"]
[Site "Rewal"]
[Date "2008.08.21"]
[Round "2"]
[White "Przybylski, Wojciech"]
[Black "Sochacki, Wojtek"]
[Result "1-0"]
[WhiteElo "2363"]
[BlackElo "2239"]
[PlyCount "81"]
[EventDate "2008.08.21"]

1. e4 e6 2. d4 d5 3. Nc3 Nf6 4. e5 Nfd7 5. f4 c5 6. Nf3 Nc6 7. Be3 cxd4 8. Nxd4
Bc5 9. Qd2 O-O 10. O-O-O a6 11. Qf2 Bxd4 12. Bxd4 b5 13. Bd3 b4 14. Ne2 a5 15.
g4 Ba6 16. g5 Qc7 17. Kb1 Rfc8 18. Be3 a4 19. Nc1 Na5 20. b3 Nb7 21. Bxa6 Rxa6
22. Nd3 axb3 23. cxb3 Qa5 24. Rc1 Rc3 25. Rxc3 bxc3 26. Rc1 Rc6 27. Bd4 Qb5 28.
Qe3 Na5 29. Rxc3 Nb8 30. Nc1 Qb4 31. Rxc6 Nbxc6 32. Bc3 Nc4 33. Bxb4 Nxe3 34.
Bc5 d4 35. Nd3 Nd1 36. a4 Nc3+ 37. Kc2 f5 38. Bb6 Kf7 39. Bc5 Ke8 40. Bxd4 Nxa4
41. Be3 1-0

[Event "XIII Konik Morski Rewala - Open A"]
[Site "Rewal"]
[Date "2008.08.21"]
[Round "2"]
[White "Baumann, Dariusz"]
[Black "Sievers, Stefan"]
[Result "0-1"]
[WhiteElo "2069"]
[BlackElo "2363"]
[PlyCount "90"]
[EventDate "2008.08.21"]

1. d4 d5 2. c4 c6 3. Nf3 Nf6 4. Nc3 dxc4 5. a4 Bf5 6. Ne5 Nbd7 7. Nxc4 Nb6 8.
Ne5 a5 9. f3 Nfd7 10. Nxd7 Nxd7 11. e4 Bg6 12. Be3 Qb6 13. Qd2 e5 14. Bc4 exd4
15. Bxd4 Bc5 16. Rd1 O-O-O 17. Qf2 Qb4 18. Ba2 Bxd4 19. Rxd4 Nc5 20. Rxd8+ Rxd8
21. O-O Nxa4 22. Nxa4 Qxa4 23. Bb1 Qd4 24. Bc2 Kc7 25. Kh1 Qxf2 26. Rxf2 Rd4
27. Re2 f6 28. Kg1 b5 29. Kf2 a4 30. Ke3 c5 31. g4 h6 32. h4 Bf7 33. g5 hxg5
34. hxg5 Rb4 35. gxf6 gxf6 36. Rh2 Kd6 37. Bd1 Bb3 38. Be2 Be6 39. Bd1 Rd4 40.
Bc2 Rc4 41. f4 a3 42. Rd2+ Ke7 43. Bb3 axb2 44. Ba2 Rc3+ 45. Kf2 Bxa2 0-1